000 00502nam a2200169 4500
001 127594
003 ES-MaACL
005 20230906193037.0
007 t|
008 070214s1946 ag r ||||1| spa d
100 1 _aRiu, Agustín.
_997498
245 1 0 _aElectrotécnica práctica industrial /
_cpor Agustín Riu.
250 _a1ª ed.
260 _aBuenos Aires :
_b[s. n.],
_c1946 (
_fTall. Gráf. Fanetti y Gasperini)
300 _a685 p. :
_bil. ;
_c21 cm.
852 _aES-MaACL
_jC-4410
_bR.24226
999 _c127594
_d127594